Brand management : perspectives and practices (Record no. 186828)

MARC details
000 -LEADER
fixed length control field 00434nam a2200169Ia 4500
008 - FIXED-LENGTH DATA ELEMENTS--GENERAL INFORMATION
fixed length control field 231217s9999 xx 000 0 und d
020 ## - INTERNATIONAL STANDARD BOOK NUMBER
International Standard Book Number 8178810719
041 ## - LANGUAGE CODE
Language code of text/sound track or separate title English
082 ## - DEWEY DECIMAL CLASSIFICATION NUMBER
Classification number 658.827 DAS;1
100 ## - MAIN ENTRY--PERSONAL NAME
Personal name Das, Naveen ed.
245 #0 - TITLE STATEMENT
Title Brand management : perspectives and practices
250 ## - EDITION STATEMENT
Edition statement 1st ed.
260 ## - PUBLICATION, DISTRIBUTION, ETC.
Date of publication, distribution, etc. 2004
Name of publisher, distributor, etc. Icfai
Place of publication, distribution, etc. Hyderabad
300 ## - PHYSICAL DESCRIPTION
Extent x, 188
650 ## - SUBJECT ADDED ENTRY--TOPICAL TERM
Topical term or geographic name entry element Brand,management,practices
942 ## - ADDED ENTRY ELEMENTS (KOHA)
Koha item type Books
Holdings
Date last seen Total checkouts Full call number Accession number Cost, total (INR) price Price effective from Category Public note Lost status Damaged status Department Withdrawn status Home library Current library Shelving location Entry date Vendor Cost, normal purchase price Grants Billnumber Billdate Currency symbol Conversion rate Discount Old discount
26/01/2024   658.827 DAS;1 63595 38.00 26/01/2024 Books 63595     Central Library   Central Library Central Library Central Library 20/07/2010 ICFAI Press 38.00 MBA 1993 25/02/2014 RS 1    
26/01/2024   658.827 DAS;2 63596 38.00 26/01/2024 Books 63596     Central Library   Central Library Central Library Central Library 20/07/2010 ICFAI Press 38.00 MBA 1993 25/02/2014 RS 1    

© For any Suggestions or Query, please contact the library staff @ librarian@pes.edu or Phone: +9180 2672 1983/ 2108.